[Event "SLO-chT (Women)"]
[Site "Ljubljana"]
[Date "2015.04.12"]
[Round "7.2"]
[White "Nadvesnik, Vilma"]
[Black "Skuhala, Barbara"]
[Result "1/2-1/2"]
[WhiteElo "1895"]
[BlackElo "1906"]
[PlyCount "80"]
[EventDate "2015.03.12"]
[EventType "team-tourn"]
[EventRounds "7"]
[EventCountry "SLO"]
[SourceTitle "EXT 2019"]
[Source "ChessBase"]
[SourceDate "2018.10.10"]
[SourceVersion "1"]
[SourceVersionDate "2018.10.10"]
[SourceQuality "1"]
[WhiteTeam "Domzale (W)"]
[BlackTeam "Radenska Pomgrad (W)"]
[WhiteTeamCountry "SLO"]
[BlackTeamCountry "SLO"]

1. e4 c5 2. Nc3 a6 3. f4 e6 4. Nf3 d5 5. d3 Nc6 6. g3 Nf6 7. e5 Nd7 8. Bg2 Be7 9. 0-0 0-0 10. Re1 b5 11. Kh1 Bb7 12. Qe2 Re8 13. Bd2 Nf8 14. Rad1 Qc7 15. Bc1 Rac8 16. Qf2 Nd4 17. Nb1 Nxf3 18. Bxf3 d4 19. Nd2 Bxf3+ 20. Qxf3 Qc6 21. Kg2 Qxf3+ 22. Nxf3 f6 23. b3 Kf7 24. g4 Ng6 25. Kg3 Bd8 26. h4 Bc7 27. h5 Nf8 28. g5 f5 29. Bd2 Bb6 30. Rb1 Red8 31. a4 g6 32. Rh1 Kg7 33. axb5 axb5 34. h6+ Kf7 35. Ra1 Ra8 36. Rhb1 b4 37. Ne1 Nd7 38. Kf3 Bc7 39. Ng2 Nb6 40. Re1 Nd5 1/2-1/2

[Event "Ljubljana-chT 68th Superliga"]
[Site "Ljubljana"]
[Date "2015.02.19"]
[Round "6.4"]
[White "Marinsek, Tomaz"]
[Black "Nadvesnik, Vilma"]
[Result "1-0"]
[WhiteElo "2147"]
[BlackElo "1895"]
[PlyCount "141"]
[EventDate "2015.01.08"]
[EventType "team-tourn"]
[EventRounds "9"]
[EventCountry "SLO"]
[SourceTitle "EXT 2022"]
[Source "ChessBase"]
[SourceDate "2021.10.06"]
[SourceVersion "1"]
[SourceVersionDate "2021.10.06"]
[SourceQuality "1"]
[WhiteTeam "Klinicni Center"]
[BlackTeam "Domzale SD"]
[WhiteTeamCountry "SLO"]
[BlackTeamCountry "SLO"]

1. e4 c5 2. Nf3 Nc6 3. d4 cxd4 4. Nxd4 e6 5. Be3 Nf6 6. Nc3 d6 7. Be2 Be7 8. 0-0 0-0 9. f4 e5 10. Nb3 a6 11. a3 b5 12. Bf3 Bb7 13. Qd2 Rc8 14. Rad1 Na5 15. Nxa5 Qxa5 16. Nd5 Qd8 17. Bb6 Qe8 18. Nxf6+ Bxf6 19. c3 Rc6 20. Be3 exf4 21. Bxf4 Be5 22. Bg4 Qe7 23. Qf2 Rc7 24. Qe3 Re8 25. Bf3 Rc4 26. Bxe5 Qxe5 27. Qb6 Bxe4 28. Qxd6 Qxd6 29. Rxd6 Bxf3 30. Rxf3 a5 31. Rd5 Rb8 32. Rd7 f6 33. Rg3 g6 34. Re3 b4 35. axb4 axb4 36. h3 bxc3 37. bxc3 Rbc8 38. Ree7 Rxc3 39. Rg7+ Kh8 40. Rxh7+ Kg8 41. Rdg7+ Kf8 42. Rxg6 R3c6 43. Rxf6+ Rxf6 44. Rh8+ Kg7 45. Rxc8 Kg6 46. Rc5 Kh6 47. Kh2 Rg6 48. g3 Ra6 49. h4 Rb6 50. Kh3 Rg6 51. Re5 Rg7 52. Re6+ Kh7 53. g4 Rb7 54. h5 Rb3+ 55. Kh4 Rb5 56. Re7+ Kg8 57. h6 Rb1 58. Kh5 Rb6 59. g5 Ra6 60. Rc7 Ra8 61. Rg7+ Kh8 62. Re7 Rb8 63. Kg6 Rg8+ 64. Kf6 Rf8+ 65. Rf7 Ra8 66. g6 Ra6+ 67. Kg5 Ra5+ 68. Rf5 Ra8 69. Rd5 Rb8 70. h7 Ra8 71. Kh6 1-0

[Event "SRB Central-ch op-B 5th"]
[Site "Paracin"]
[Date "2012.07.07"]
[Round "2"]
[White "Nadvesnik, Vilma"]
[Black "Lazic, Radomir"]
[Result "1-0"]
[WhiteElo "1906"]
[BlackElo "1561"]
[PlyCount "73"]
[EventDate "2012.07.06"]
[EventType "swiss"]
[EventRounds "9"]
[EventCountry "SRB"]
[SourceTitle "CBM 149 Extra"]
[Source "ChessBase"]
[SourceDate "2012.08.24"]
[SourceVersion "1"]
[SourceVersionDate "2012.08.24"]
[SourceQuality "1"]

1. e4 e5 2. Nf3 Nc6 3. Bb5 Nge7 4. c3 a6 5. Ba4 d6 6. h3 Bd7 7. d4 exd4 8. cxd4 g6 9. Nc3 Bg7 10. Be3 0-0 11. 0-0 Qc8 12. Kh2 f5 13. Qd2 b5 14. Bb3+ Kh8 15. a3 Rb8 16. Bh6 Na5 17. Bxg7+ Kxg7 18. Ba2 Qb7 19. Rac1 Nc4 20. Qe2 fxe4 21. Nxe4 Bc6 22. Nc5 dxc5 23. Qxe7+ Rf7 24. Qxc5 Bxf3 25. gxf3 Qxf3 26. Qg5 Qe2 27. Bxc4 bxc4 28. Qe5+ Qxe5+ 29. dxe5 Rxb2 30. Rxc4 Rb5 31. Re4 Ra5 32. a4 g5 33. Kg3 Kg6 34. Rc1 Kf5 35. f3 h5 36. Rc6 Re7 37. Rf6# 1-0

[Event "SLO-chT (Women)"]
[Site "Murska Sobota"]
[Date "2012.04.21"]
[Round "6"]
[White "Nadvesnik, Vilma"]
[Black "Ahmatovic, Mirela"]
[Result "0-1"]
[WhiteElo "1936"]
[BlackElo "1982"]
[PlyCount "112"]
[EventDate "2012.04.13"]
[EventType "team-tourn"]
[EventRounds "7"]
[EventCountry "SLO"]
[SourceTitle "EXT 2022"]
[Source "ChessBase"]
[SourceDate "2021.10.06"]
[SourceVersion "1"]
[SourceVersionDate "2021.10.06"]
[SourceQuality "1"]
[WhiteTeam "Domzale (W)"]
[BlackTeam "Krsko Triglav (W)"]
[WhiteTeamCountry "SLO"]
[BlackTeamCountry "SLO"]

1. e4 c5 2. Nf3 e6 3. b3 d5 4. Bb5+ Bd7 5. Bxd7+ Qxd7 6. exd5 exd5 7. 0-0 Nf6 8. Re1+ Be7 9. Qe2 Nc6 10. Ne5 Nxe5 11. Qxe5 0-0 12. Bb2 Bd6 13. Qg5 h6 14. Qh4 Rae8 15. Na3 Rxe1+ 16. Rxe1 Re8 17. Rxe8+ Qxe8 18. Kf1 Ne4 19. Nb1 Qb5+ 20. Ke1 Qa5 21. a3 Qc7 22. Qh5 Qe7 23. Kf1 d4 24. Qf3 b6 25. g3 Ng5 26. Qe2 Qb7 27. Ke1 Qh1+ 28. Qf1 Nf3+ 29. Ke2 Ng1+ 30. Kd1 Qxh2 31. c3 Nh3 32. cxd4 Nxf2+ 33. Kc2 Ne4 34. g4 Qf2 35. Qd3 Qf4 36. dxc5 Nxc5 37. Qc3 Qxg4 38. Qe3 Qe4+ 39. Qxe4 Nxe4 40. d3 Nf2 41. Nd2 g5 42. Nc4 Bc7 43. d4 f5 44. d5 Ne4 45. a4 Nd6 46. Ba3 Nxc4 47. bxc4 g4 48. c5 bxc5 49. Bxc5 a6 50. d6 Bd8 51. Kd3 Kf7 52. Ba7 Ke6 53. Bb8 Bb6 54. Kc4 Kd7 55. Kd5 g3 56. a5 g2 0-1

[Event "SLO-chT (Women)"]
[Site "Murska Sobota"]
[Date "2012.04.20"]
[Round "5"]
[White "Nadvesnik, Vilma"]
[Black "Novak, Ksenija"]
[Result "0-1"]
[WhiteElo "1936"]
[BlackElo "2135"]
[PlyCount "124"]
[EventDate "2012.04.13"]
[EventType "team-tourn"]
[EventRounds "7"]
[EventCountry "SLO"]
[SourceTitle "EXT 2022"]
[Source "ChessBase"]
[SourceDate "2021.10.06"]
[SourceVersion "1"]
[SourceVersionDate "2021.10.06"]
[SourceQuality "1"]
[WhiteTeam "Domzale (W)"]
[BlackTeam "Nova Gorica (W)"]
[WhiteTeamCountry "SLO"]
[BlackTeamCountry "SLO"]

1. e4 d6 2. d4 Nf6 3. Nc3 e5 4. Nf3 Nbd7 5. h3 Be7 6. Be3 c6 7. g4 h6 8. Qd2 b5 9. Bd3 b4 10. Ne2 Qc7 11. Ng3 c5 12. dxe5 dxe5 13. Qe2 Bb7 14. Nd2 Nb6 15. f3 0-0-0 16. 0-0-0 Nfd7 17. Nc4 Bg5 18. Nf5 Bxe3+ 19. Nfxe3 Nxc4 20. Bxc4 Nb6 21. Ba6 g6 22. Bxb7+ Kxb7 23. Nd5 Qc6 24. Nxb6 axb6 25. Qc4 Qf6 26. Qe2 Qe6 27. Rxd8 Rxd8 28. Kb1 Qd7 29. Rc1 Qd2 30. Qc4 Qf4 31. c3 Qxf3 32. cxb4 Rd4 33. Qb5 Qxe4+ 34. Ka1 Qc6 35. Qe2 e4 36. bxc5 bxc5 37. Qe3 Qd5 38. a3 Kb6 39. Qxh6 Rd3 40. Qf8 Qe5 41. Qxf7 Rxa3+ 42. Kb1 Rxh3 43. Qxg6+ Kb5 44. Qf5 Qxf5 45. gxf5 Rf3 46. Re1 e3 47. f6 Kc4 48. Kc2 Rf2+ 49. Kc1 Kd3 50. Rd1+ Ke2 51. Rd6 Kf1 52. Rd1+ Kg2 53. Re1 Kf3 54. f7 Ke4 55. f8Q Rxf8 56. Kc2 Rf2+ 57. Kc3 Rd2 58. Rc1 Rd4 59. Rh1 e2 60. b4 cxb4+ 61. Kc2 b3+ 62. Kxb3 Rd1 0-1

[Event "SLO-chT (Women)"]
[Site "Murska Sobota"]
[Date "2012.04.14"]
[Round "2"]
[White "Nadvesnik, Vilma"]
[Black "Mar, Karmen"]
[Result "0-1"]
[WhiteElo "1936"]
[BlackElo "2219"]
[PlyCount "70"]
[EventDate "2012.04.13"]
[EventType "team-tourn"]
[EventRounds "7"]
[EventCountry "SLO"]
[SourceTitle "EXT 2022"]
[Source "ChessBase"]
[SourceDate "2021.10.06"]
[SourceVersion "1"]
[SourceVersionDate "2021.10.06"]
[SourceQuality "1"]
[WhiteTeam "Domzale (W)"]
[BlackTeam "Kocevje (W)"]
[WhiteTeamCountry "SLO"]
[BlackTeamCountry "SLO"]

1. e4 c5 2. Nf3 d6 3. d4 cxd4 4. Nxd4 Nf6 5. Nc3 e6 6. Be3 a6 7. g4 h6 8. f3 b5 9. a3 Bb7 10. Qd2 Nbd7 11. Be2 Rc8 12. h4 d5 13. exd5 Nxd5 14. Nxd5 Bxd5 15. c3 Nc5 16. Rd1 Be7 17. Bf2 h5 18. g5 g6 19. Bg3 Bd6 20. Kf2 Bxg3+ 21. Kxg3 Qc7+ 22. Kf2 0-0 23. Qe3 Rfd8 24. Rh3 Na4 25. Qc1 Qb6 26. Kg2 Kg7 27. Rhh1 e5 28. Nc2 e4 29. Nd4 exf3+ 30. Bxf3 Bxf3+ 31. Nxf3 Qe6 32. Nd4 Qg4+ 33. Kf2 Nc5 34. Qe3 Ne4+ 35. Kf1 Qxd1+ 0-1

[Event "SLO-chT Central Superliga 12th"]
[Site "Slovenia"]
[Date "2011.10.06"]
[Round "4.4"]
[White "Cop, Jaka"]
[Black "Nadvesnik, Vilma"]
[Result "1/2-1/2"]
[WhiteElo "1651"]
[BlackElo "1943"]
[PlyCount "91"]
[EventDate "2011.09.08"]
[EventType "team-tourn"]
[EventRounds "7"]
[EventCountry "SLO"]
[SourceTitle "EXT 2022"]
[Source "ChessBase"]
[SourceDate "2021.10.06"]
[SourceVersion "1"]
[SourceVersionDate "2021.10.06"]
[SourceQuality "1"]
[WhiteTeam "Ig"]
[BlackTeam "Domzale SD"]
[WhiteTeamCountry "SLO"]
[BlackTeamCountry "SLO"]

1. e4 c5 2. Nc3 Nc6 3. g3 g6 4. Bg2 Bg7 5. f4 d6 6. d3 Nf6 7. Nh3 Bg4 8. Qd2 Qc8 9. Nf2 Be6 10. 0-0 h5 11. h3 Qd7 12. Ne2 Nh7 13. c3 d5 14. Kh2 Rd8 15. Rd1 d4 16. c4 0-0 17. Ng1 Qc7 18. Nf3 Bc8 19. e5 f6 20. exf6 Nxf6 21. Qe2 Rde8 22. Ng5 e5 23. Nge4 b6 24. Nxf6+ Rxf6 25. Ne4 Rff8 26. Re1 exf4 27. Bxf4 Ne5 28. Ng5 Bb7 29. Bd5+ Bxd5 30. cxd5 Qd7 31. Ne6 Rxf4 32. Nxf4 Ng4+ 33. hxg4 Rxe2+ 34. Rxe2 hxg4 35. Nxg6 Bf6 36. Nf4 Bg5 37. Rf1 Bxf4 38. Rxf4 Qh7+ 39. Kg1 Qxd3 40. Re8+ Kh7 41. Re7+ Kh6 42. Re6+ Kg5 43. Re5+ Kh6 44. Re6+ Kg5 45. Re5+ Kh6 46. Re6+ 1/2-1/2

[Event "SLO-chT (Women)"]
[Site "Kozje"]
[Date "2008.12.04"]
[Round "6"]
[White "Mihevc Mohr, Narcisa"]
[Black "Nadvesnik, Vilma"]
[Result "1-0"]
[WhiteElo "2141"]
[BlackElo "1930"]
[PlyCount "83"]
[EventDate "2008.11.27"]
[EventType "team-tourn"]
[EventRounds "9"]
[EventCountry "SLO"]
[SourceTitle "CBM 127 Extra"]
[Source "ChessBase"]
[SourceDate "2009.01.08"]
[SourceVersion "2"]
[SourceVersionDate "2009.01.28"]
[SourceQuality "1"]

1. e4 c5 2. Nf3 Nc6 3. d4 cxd4 4. Nxd4 e6 5. Nc3 Qc7 6. Be3 a6 7. Be2 Nf6 8. 0-0 d6 9. f4 e5 10. fxe5 Nxe5 11. Nf5 b5 12. Bd4 Bb7 13. Nd5 Nxd5 14. exd5 g6 15. Ne3 Bg7 16. a4 bxa4 17. Rxa4 0-0 18. c4 Rfe8 19. b4 Rad8 20. Rf2 Bf8 21. Ra3 Qd7 22. Rc3 Bg7 23. h3 Qe7 24. Nc2 Qh4 25. Bf3 Qg5 26. Qd2 Qxd2 27. Rxd2 Nxf3+ 28. gxf3 Bxd4+ 29. Nxd4 Rc8 30. Nb3 Re5 31. Rdc2 Rc7 32. Na5 Bc8 33. f4 Rh5 34. Kg2 Re7 35. Nc6 Re4 36. Rd2 Kg7 37. c5 Rxf4 38. Ne7 Bf5 39. Nxf5+ Rfxf5 40. c6 Rxd5 41. Rxd5 Rxd5 42. c7 1-0

[Event "SLO-chT (Women)"]
[Site "Kozje"]
[Date "2008.11.30"]
[Round "5"]
[White "Novak, Ksenija"]
[Black "Nadvesnik, Vilma"]
[Result "1-0"]
[WhiteElo "2163"]
[BlackElo "1930"]
[PlyCount "103"]
[EventDate "2008.11.27"]
[EventType "team-tourn"]
[EventRounds "9"]
[EventCountry "SLO"]
[SourceTitle "CBM 127 Extra"]
[Source "ChessBase"]
[SourceDate "2009.01.08"]
[SourceVersion "2"]
[SourceVersionDate "2009.01.28"]
[SourceQuality "1"]

1. Nf3 Nf6 2. g3 g6 3. Bg2 Bg7 4. 0-0 0-0 5. d3 d5 6. Nbd2 Nc6 7. e4 dxe4 8. dxe4 e5 9. Qe2 Qe7 10. c3 Nd7 11. Nc4 Nb6 12. Ne3 Be6 13. h4 Rad8 14. Ng5 Bc8 15. Nd5 Qd6 16. Be3 Ne7 17. c4 Nbxd5 18. exd5 Qa6 19. Rfd1 h6 20. Ne4 f5 21. Bc5 Bf6 22. Nxf6+ Qxf6 23. Re1 e4 24. f3 b6 25. Bb4 Qd4+ 26. Kh1 Rf7 27. fxe4 fxe4 28. Qxe4 Qxe4 29. Rxe4 Nf5 30. Kh2 Kh7 31. Rf1 a5 32. Bc3 Rdf8 33. b3 Nd6 34. Re7 Kg8 35. Rexf7 Rxf7 36. Rxf7 Kxf7 37. Bh3 Bxh3 38. Kxh3 Nb7 39. Be5 Nd6 40. Bxd6 cxd6 41. Kg4 Ke7 42. Kf4 Kf7 43. a3 Ke7 44. g4 Kf7 45. b4 axb4 46. axb4 Ke7 47. Ke4 Kd7 48. Kd4 Ke7 49. c5 dxc5+ 50. bxc5 bxc5+ 51. Kxc5 Kd7 52. d6 1-0

[Event "SLO-ch (Women)"]
[Site "Ljubljana"]
[Date "2008.08.23"]
[Round "8"]
[White "Vombek, Sara"]
[Black "Nadvesnik, Vilma"]
[Result "0-1"]
[WhiteElo "1888"]
[BlackElo "1939"]
[PlyCount "58"]
[EventDate "2008.08.17"]
[EventType "swiss"]
[EventRounds "9"]
[EventCountry "SLO"]
[SourceTitle "CBM 125 Extra"]
[Source "ChessBase"]
[SourceDate "2008.09.01"]
[SourceVersion "1"]
[SourceVersionDate "2008.09.01"]
[SourceQuality "1"]

1. e4 c5 2. Nf3 a6 3. Nc3 Nc6 4. d4 cxd4 5. Nxd4 e6 6. Nxc6 bxc6 7. Bd3 d5 8. 0-0 Nf6 9. Bg5 Be7 10. Kh1 0-0 11. f4 g6 12. Bxf6 Bxf6 13. e5 Bg7 14. Qf3 Rb8 15. Rab1 f6 16. Qg3 fxe5 17. fxe5 Rxf1+ 18. Bxf1 Qc7 19. Re1 Rxb2 20. Bd3 c5 21. Nd1 Rxa2 22. c4 Ra1 23. cxd5 exd5 24. Qf3 Be6 25. Qe3 Qxe5 26. Qxe5 Bxe5 27. Bc2 Bf5 28. Bxf5 gxf5 29. g3 Bd4 0-1

[Event "SLO-ch (Women)"]
[Site "Ljubljana"]
[Date "2008.08.19"]
[Round "3"]
[White "Nadvesnik, Vilma"]
[Black "Bucar, Natasa"]
[Result "1-0"]
[WhiteElo "1939"]
[BlackElo "1848"]
[PlyCount "73"]
[EventDate "2008.08.17"]
[EventType "swiss"]
[EventRounds "9"]
[EventCountry "SLO"]
[SourceTitle "CBM 125 Extra"]
[Source "ChessBase"]
[SourceDate "2008.09.01"]
[SourceVersion "1"]
[SourceVersionDate "2008.09.01"]
[SourceQuality "1"]

1. e4 c5 2. Nf3 Nc6 3. Bb5 g6 4. 0-0 Bg7 5. c3 a6 6. Bxc6 dxc6 7. d4 cxd4 8. Nxd4 Nf6 9. f3 e5 10. Nb3 0-0 11. Be3 Qc7 12. Na3 b6 13. Qe2 a5 14. Rfd1 Ba6 15. Qf2 Rfb8 16. Rd2 a4 17. Nc1 Bf8 18. Nd3 c5 19. Rad1 Bxd3 20. Rxd3 c4 21. R3d2 b5 22. Qh4 Ra6 23. Nc2 a3 24. bxa3 Bc5 25. Bxc5 Qxc5+ 26. Qf2 Qc7 27. Qe3 Kg7 28. g3 Ra7 29. Rd6 Qe7 30. Nd4 Rxa3 31. Nc6 Qc7 32. Nxb8 Qxb8 33. Qc5 Rxc3 34. Rd8 Qxd8 35. Rxd8 Nxe4 36. Qxe5+ Kh6 37. Qxe4 1-0